|
|
|
|
| LEADER |
00000nkm a2200000 a 4500 |
| 001 |
vtls010695539 |
| 003 |
SK-MaSNL |
| 005 |
20260512123428.0 |
| 007 |
kp bo |
| 008 |
231214q1927 xo g 00 kuslo |
| 015 |
|
|
|a SNBG
|
| 035 |
|
|
|a F2AC5F08-95C0-4A48-B0AA-D565F083DDC2
|
| 035 |
|
|
|a urn:nbn:sk:snk-kmxz6g
|
| 035 |
|
|
|a urn:nbn:sk:snk-km007aqh
|
| 040 |
|
|
|a SNK
|b slo
|c SNK
|e AACR2
|
| 041 |
0 |
|
|a slo
|
| 043 |
|
|
|a e-xo---
|
| 044 |
|
|
|a xo
|c SK
|
| 080 |
|
|
|a 728.37
|2 2001
|
| 080 |
|
|
|a 908(437.6)
|2 2001
|
| 080 |
|
|
|a (084.121)
|2 2001
|
| 080 |
|
|
|a (437.6)
|2 2001
|
| 245 |
0 |
0 |
|a Dol. Smokovec
|h grafika
|b Vila Holého
|
| 260 |
|
|
|a Dolný Smokovec
|b Rud. Cagařík
|c [1927]
|
| 300 |
|
|
|a 1 pohľadnica
|b čiernobiela
|c 9 x 14 cm
|
| 650 |
0 |
7 |
|a vily
|2 SNKPH
|
| 651 |
|
7 |
|a Slovensko
|2 SNKPH
|9 14231
|
| 651 |
|
7 |
|a Dolný Smokovec (Vysoké Tatry, Slovensko)
|2 SNKPH
|9 176402
|
| 655 |
|
7 |
|a miestne pohľadnice
|2 SNKPH
|9 70510
|
| 852 |
|
|
|a Slovenská národná knižnica
|
| 958 |
|
|
|a GC
|
| 958 |
|
|
|a GBN
|
| 958 |
|
|
|a OND
|
| 999 |
|
|
|c 760487
|d 762417
|
| 952 |
|
|
|a SNK
|b SNK
|y PREZ
|7 0
|p 17A1163353
|o snkSP 3103
|0 0
|1 0
|4 0
|d 2015-07-28
|f 1
|l 0
|r 2026-02-24 00:02:42
|w 2026-02-24
|